Raison et legitimite : problemes de legitimation dans le capitalisme avance

Saved in:
Bibliographic Details
Main Author: Habermas, Jürgen
Other Authors: Lacoste, Jean (Translator)
Format: Book
Language:French
German
Published: Paris : Payot, c1978.
Series:Critique de la politique (Payot)
Subjects:
Tags: Add Tag
No Tags, Be the first to tag this record!

MARC

LEADER 00000nam a2200000 a 4500
001 1/126401
008 230403s1978####fr | ||| |||| ||fre||
020 |a 2228880310 
040 |a GR-MyUa  |b gre  |c GR-MyUa  |e AACR2 
041 1 |a fre  |h ger 
082 7 |a 306.342   |2 (23)  
100 1 |a Habermas, Jürgen. 
245 1 0 |a Raison et legitimite :   |b problemes de legitimation dans le capitalisme avance /   |c Jurgen Habermas ; traduit de l'allemand par Jean Coste.  
260 |a Paris :   |b Payot,   |c c1978.  
300 |a 212 σ. ;   |c 22 εκ.  
490 1 |a (Critique de la politique / Payot)  
504 |a Περιέχει βιβλιογραφικές παραπομπές και ευρετήριο.  
500 |a Τίτλος πρωτοτύπου: Legitimationsprobleme im Spätkapitalismus.  
650 0 |a Economic history  |y 1945- 
650 0 |a Social history  |y 20th century. 
650 0 |a Capitalism. 
700 1 |a Lacoste, Jean,  |e trl 
830 0 |a Critique de la politique (Payot) 
852 |a INST  |b RHODES  |e 20230403  |h 306.342 HAB  |p 005400043493  |q 005400043493  |t BK  |y 0 
970 |a Σιδερή  |b Νεκταρία   |z 2023-04-03